000 00758nam a2200217 i 4500
001 12844
003 ES-MaACL
005 20230906150424.0
007 t|
008 880208s1986 sp ||||0| spa
020 _a84-7580-316-14
080 _a255(463.6 Sepúlveda)(093)
100 1 _aLinage Conde, Antonio.
_972322
245 1 4 _aLas cofradías de Sepúlveda /
_cAntonio Linage Conde.
260 _a[Segovia :
_bCaja de Ahorros y Monte de Piedad, Obra Cultural,
_c1986]
300 _a395 p. ;
_c22 cm.
500 _aApéndice documental: p. 97-282.
650 1 4 _aCofradías-
_zSepúlveda-
_xHistoria-
_vFuentes.
_911133
710 2 _aCaja de Ahorros y Monte de Piedad de Segovia.
_92324
852 _aES-MaACL
_jL-20187
_z- Dedicatoria autógrafa del autor
999 _c12844
_d12844